000
00215nam a22000977a 4500
999
_c
15822
_d
15822
003
OSt
008
191022b ||||| |||| 00| 0 eng d
100
_a
vivekanandan,G
_9
4333
245
_a
Nishabda rangangal
942
_c
BK